000 01748cam a22004094i 4500
003 PE-LiUPU
005 20250731175635.0
008 150616s1989 r 000 0 d
035 _a(Sirsi) a4285
040 _aPE-LiUPU
_bspa
_cPE-LiUPU
_erda
049 _aPRUA
082 0 4 _a461.585
_bC26
_221
100 1 _aCaravedo, Rocío,
_eautor.
245 1 3 _aEl español de Lima: materiales para el estudio del habla culta.
264 1 _aLima :
_bFondo Editorial de la Pontificia Universidad Católica del Perú,
_c1989.
300 _a467 páginas ;
_c21 cm.
336 _atext
_2rdacontent
337 _aunmediated
_2rdamedia
338 _avolume
_2rdacarrier
505 0 _aIntroducción: -Datos relativos a los informantes -- Signos utilizados en la transcripción. Entrevistas: -Primera generación -- Segunda generación -- Tercera generación.
526 _aP145
526 _aP127
526 _aP97
526 _aP35
526 _aP14
526 _aP07
650 0 4 _aESPAÑOL - FONETICA (LIMA).
910 _ajck
_bjvq
_cjck
942 _2ddc
_cBOOK
949 _a461.585 C26
_wDEWEY
_c1
_i31315
_lCCODEBUL1
_mBUL
_p00.00
_r0
_sY
_tBOOK
_u19901231
_xEDUCACION
_PP20
_0COMPRA
_o.STAFF. Colección General
994 _aC0
_bPEPRU
596 _a1
999 _a461.585 C26
_wDEWEY
_c48499
_i31315
_f2021-11-8
_g5
_lCCODEBUL1
_mBUL
_r0
_sY
_tBOOK
_u2015-6-16
_xEDUCACION
_PP20
_0COMPRA
_o.STAFF. Colección General
_d48499
999 _a461.585 C26
_wDEWEY
_c2
_i74952
_f2021-11-8
_g5
_lCCODEBUL1
_mBUL
_r0
_sY
_tBOOK
_u2016-10-10
_xEDUCACION
_PP20
_0COMPRA
_o.STAFF. Colección Ciencias Humanas y Educación
980 _81
_gALBERTO SANCHEZ Responsable de Automatización